La Región más transparente

Novela que representa a la ciudad como principal personaje puesto que durante todo el escrito, se relatan sucesos de la vida de diferentes personas que se cruzan en algún punto de la historia. Esta obra publicada en 1958, se basa en el ensayo “Visión de Anáhuac” escrito por Alfonso Reyes, que culmin...

Descrizione completa

Salvato in:
Dettagli Bibliografici
Autore principale: Fuentes, Carlos
Natura: Libro
Lingua:Undetermined
Pubblicazione: México, Distrito Federal Fondo de Cultura Económica 1977
Edizione:2
Soggetti:
Tags: Aggiungi Tag
Nessun Tag, puoi essere il primo ad aggiungerne!!

MARC

LEADER 00000nam a2200000Ia 4500
008 170316s9999 xx 000 0 und d
040 |a cru BVZT 
090 |a 860 F-9r 
100 |a Fuentes, Carlos  |9 305 
245 |a La Región más transparente 
250 |a 2 
260 |a México, Distrito Federal 
260 |b Fondo de Cultura Económica 
260 |c 1977 
300 |a 472 páginas 
520 |a Novela que representa a la ciudad como principal personaje puesto que durante todo el escrito, se relatan sucesos de la vida de diferentes personas que se cruzan en algún punto de la historia. Esta obra publicada en 1958, se basa en el ensayo “Visión de Anáhuac” escrito por Alfonso Reyes, que culmina en una ciudad convulsa por la Decena Trágica (golpe militar para derrocar al presidente mexicano Francisco Madero en 1913) 
650 |a LITERATURA LATINOAMERICANA  |9 15 
650 |a NOVELA - México  |9 1431 
999 |c 8683  |d 8683 
942 |c 15 D  |h 860 F-9r  |2 z